000 00875nam a2200277 a 4500
001 000003025
003 DO-SdBNP
005 20221019102948.0
007 ta
008 090706s1977 dr 000 0 spa d
040 _aDO-SdBNP
_bspa
_cBNPHU
082 _a630.1
_bR426d
100 _99590
110 _aRepública Dominicana.
_bSecretaria de Agricultura. Departamento de Investigaciones Agropecuarias
_982543
245 1 0 _aDiagnóstico de la investigación agropecuaria en la República Dominicana
260 _aSanto Domingo :
_bInstituto Interamericano de Ciencias Agricolas,
_c1977.
300 _a40 p. ;
_c28 cm.
590 _aInventariado, 2022 / DG
650 _99553
650 4 _99591
651 4 _99403
700 1 2 _99592
710 2 _aInstituto Interamericano de Ciencias Agrícolas (República Dominicana)
_99593
910 _aDG
942 _2ddc
_cLF2
999 _c52573
_d52573